| LEADER | 00864nam a2200277 4500 | ||
|---|---|---|---|
| 001 | DLU130147775 | ||
| 005 | ##20130521 | ||
| 040 | # | # | |a DLU |b vie |
| 041 | # | # | |a vie |
| 044 | # | # | |a vn |
| 100 | # | # | |a Vũ Hải Đăng. |
| 245 | # | # | |a Thực trạng xây dựng thể chế khu vực bảo vệ môi trường biện tại biển đông / |c Vũ Hải Đăng, Nguyễn Chu Hồi. |
| 653 | # | # | |a Biển đảo |
| 653 | # | # | |a Lãnh hải |
| 653 | # | # | |a Xung đột |
| 700 | # | # | |a Nguyễn Chu Hồi, |c TS. |
| 773 | # | # | |t Tạp chí Nghiên cứu Quốc tế |g Số 2(89), 2012, tr. 179-194 |
| 920 | # | # | |a Phòng Tạp chí -- Trung tâm Thông tin - Thư viện Trường Đại học Đà Lạt |
| 994 | # | # | |a DLU |
| 900 | # | # | |a True |
| 911 | # | # | |a Nguyễn Thị Linh Chi |
| 925 | # | # | |a G |
| 926 | # | # | |a A |
| 927 | # | # | |a BB |
| 980 | # | # | |a Thư viện Trường Đại học Đà Lạt |